00434nam a2200181Ia 4500003000400000005001700004008004100021040000700062041000800069082001700077100002900094245003800123250000600161260003500167300001400202365001200216650002400228OSt20230628154659.0210423s9999 xx 000 0 und d cAL aeng a382 STUC223 aSTUDENT AID publications aCareers in international business a5 bStudent Aid Publicationsc2002 a140,8bPB b50cINR aInternational Trade